000 00723nam a22002417a 4500
003 UA-OsUOA
001 76855
007 ta
008 20110826b un ||||| |||| 00| 0 ukr d
100 _aТкачова О.В.
090 _a343.814
_bТ48
942 _cBK
040 _aUA-OsUOA
_bukr
_cUA-OsUOA
_dUA-OsUOA
245 _aВиконання покарань у виді виправних і громадських робіт
_bмонографія
300 _a192 с.
955 _a1
041 _aukr
080 _a343.814
020 _a978-966-458-210-7
260 _aХарків
_bПраво
_c2010
650 7 _a343 Кримінальне право. Карні порушення
_2UDC
999 _c363154
_d363154